000 00785nam a22001817a 4500
005 20241101170817.0
008 241101b |||||||| |||| 00| 0 eng d
020 _a9780198745235
050 _aKD1554
_b.W65
100 _aSteve Wilson
245 _aContract Law :
_bConcentrate Questions & Answers
_cSteve Wilson (Principal Lecturer, Northumbria Law School) ; Clare Sandford-Couch (Senior Lecturer. Northumbria Law School)
260 _aNew York
_bOxford University Press
_cc2016
300 _axviii, 233 pages
_bIndex
_c23cm
500 _aContract Law. Concentrate Questions & Answers. Revision & study guides from the No.1 legal education publisher.
650 _2Contract
700 _aClare Sandford-Couch
_cSenior Lecturer. Northumbria Law School
_eco-author
942 _2lcc
_cBK
_n0
999 _c531
_d531